000 00724nam a2200253Ia 4500
003 OSt
005 20221007070822.0
006 a|||||r|||| 00| 0
007 ta
008 221006b |||||||| |||| 00| 0 eng d
020 _a0398028702
024 _a7,952
037 _cTextual
040 _aFLL
_cFLL
_beng
041 _2eng
_aeng
082 _aY:45:62.73, L3
100 _aCull John G.
_9336682
245 0 _aLaw enforcement and correctional rehabilitation
260 _aIllinois
_bCharles C Thomas Publisher U.S.A.
_c1973
300 _axii,266p
_ccm.
700 _a Hardy Richard E.
_922639
942 _hY:45:62.73, L3
_cTEXL
_2CC
999 _c1141612
_d1141612